[Event "Vasteras Open 2018"]
[Site "Vasteras"]
[Date "2018.09.29"]
[Round "5"]
[White "Livner, Anders"]
[Black "Hector, Jonny"]
[Result "1/2-1/2"]
[WhiteElo "2372"]
[BlackElo "2507"]
[Annotator "TA"]
[PlyCount "111"]
[EventDate "2018.09.28"]
[EventCountry "SWE"]
[SourceTitle "playchess.com"]
[Source "ChessBase"]
[SourceQuality "1"]

{[%evp 13,111,18,18,18,18,18,25,22,20,21,21,22,41,37,43,38,39,47,47,37,83,81,120,120,97,54,64,55,44,0,0,0,74,15,19,0,25,0,191,197,184,193,339,345,341,320,402,317,339,340,330,286,383,375,357,256,249,9,334,307,331,284,265,258,254,243,293,275,472,454,597,458,488,208,329,210,217,9,48,-102,-8,-2,198,198,197,197,185,91,91,91,91,91,91,91,83,68,80,71,70,67]} 1. c4 e5 2. Nc3 Bb4 3. Nd5 Be7 4. d4 d6 5. Nf3 e4 6. Nd2 {[%cal Bf3d2,Bd2b1,Bb1c3][%mdl 32] A21: English Opening: 1...e5 2 Nc3} f5 7. Nb1 Nf6 {LiveBook: 4 Games} (7... c6 8. Nxe7 Nxe7 9. Nc3 O-O 10. e3 Be6 11. Be2 Nd7 12. b3 d5 13. a4 a5 {1-0 (41) Inarkiev,E (2727)-Bologan,V (2640) Poikovsky 2017}) 8. Nxe7 {The position is equal.} Qxe7 9. Nc3 Be6 10. e3 O-O $146 ({Predecessor:} 10... c6 11. b4 d5 12. b5 dxc4 13. bxc6 Nxc6 {0-1 (62) Williams,S (2487)-Howell,D (2348) Caleta 2005}) 11. Be2 Nbd7 12. O-O a6 13. b3 Bf7 14. a4 Rae8 15. a5 h6 16. b4 Nh7 17. b5 Qh4 18. bxa6 bxa6 19. Nd5 Bxd5 $1 20. cxd5 Ndf6 21. f4 (21. Bxa6 $6 Rd8 $18) 21... exf3 $1 22. gxf3 Nxd5 (22... Ng5 $11 {keeps the balance.}) 23. Qb3 ({Better is} 23. Bxa6 $16 {Strongly threatening Bb7.} Kh8 24. Bc4 Nxe3 25. Bxe3 Rxe3 26. Qd2) 23... c6 $1 $11 24. Bxa6 Kh8 25. Ra2 {[%cal Ba1a2,Ba2g2,Bg2c2][%mdl 32] Threatens to win with Bb7.} Qg5+ $2 (25... Ng5 $11) 26. Rg2 $18 Qd8 27. Bb7 (27. Qb7 Qf6 $11) 27... Qc7 (27... Qxa5 $142 28. Bxc6 Ndf6 29. Bxe8 Rxe8) 28. a6 Ng5 29. Rc2 f4 {[%cal Rd5e3]} 30. e4 Ne3 31. Bxe3 (31. Rxc6 Qa5 $16) 31... fxe3 32. Qxe3 c5 33. dxc5 dxc5 34. Bd5 ({Much less strong is} 34. Qxc5 Qd7 $18) 34... Qb6 35. Bc4 $2 ({White should play} 35. Ra2 $18 Nh3+ 36. Kh1) 35... Ne6 $2 {[%mdl 8192]} (35... Nxf3+ $11 {and Black is okay.} 36. Kh1 Ne5) 36. Ra2 Nd4 37. Kh1 Re7 38. Qd3 Nc6 39. Qd6 {aiming for a7!} Rd8 40. Qg6 Qb4 $2 (40... Qc7 41. f4 Nb4) 41. Bd5 Qb5 42. Raa1 Nb4 43. Bb7 (43. a7 $142 Rxa7 44. Rg1) 43... c4 (43... Rxb7 $142 44. axb7 Qxb7) 44. Rfb1 {And now a7 would win.} c3 {[#]} 45. Qf5 $2 (45. e5 $1 $18 {[%mdl 512]} Rxb7 (45... Qxe5 46. Be4) 46. axb7 Qxb7 47. Qg4) 45... Qb6 {Threatening ...c2.} 46. Rc1 {[#]} (46. e5 $14 {keeps the upper hand.} c2 47. Qxc2 Nxc2 48. Rxb6 Nxa1 49. a7) 46... c2 (46... Nd3 $1 $17 {[%cal Rd3c1]} 47. Rxc3 Qb2) 47. e5 $11 {[%cal Be4e5,Be5f6][%mdl 32] Black must now prevent Be4.} g6 $2 (47... Nd3 $11 48. a7 (48. Rxc2 Rxe5 49. Qg4 Nf2+ 50. Rxf2 Qxf2 $15) 48... Nxc1) 48. Qf6+ $18 Qxf6 49. exf6 Rc7 50. Be4 (50. a7 $18 {is more deadly.} Rxb7 51. a8=Q Rxa8 52. Rxa8+ Kh7 53. Re8) 50... Nxa6 $16 {Black wants to play ...Nb4.} ({But not} 50... Nd3 $2 51. Bxd3 Rxd3 {[#]} 52. Rxc2 $1 $18 {[%mdl 512]}) 51. Rxc2 Rxc2 52. Bxc2 {KRB-KRN} Rd6 53. Bxg6 Rxf6 54. Be4 Nc5 55. Ra8+ Kg7 56. Ra7+ {Precision: White = 47%, Black = 37%.} 1/2-1/2

[Event "Vasteras Open 2018"]
[Site "Vasteras"]
[Date "2018.09.29"]
[Round "5"]
[White "Livner, Anders"]
[Black "Hector, Jonny"]
[Result "*"]
[WhiteElo "2372"]
[BlackElo "2507"]
[Annotator "TA"]
[PlyCount "26"]
[EventDate "2018.09.28"]
[EventCountry "SWE"]
[SourceTitle "playchess.com"]
[Source "ChessBase"]
[SourceQuality "1"]

{[%evp 13,18,20,24,15,18,24,19]} 1. c4 e5 2. Nc3 Bb4 3. Nd5 Be7 4. d4 d6 5. Nf3 e4 6. Nd2 {[%cal Bf3d2,Bd2b1,Bb1c3][%mdl 32] A21: English Opening: 1...e5 2 Nc3} f5 7. Nb1 Nf6 {LiveBook: 4 Games} (7... c6 8. Nxe7 Nxe7 9. Nc3 O-O 10. e3 Be6 11. Be2 Nd7 12. b3 d5 13. a4 a5 {1-0 (41) Inarkiev,E (2727)-Bologan,V (2640) Poikovsky 2017}) 8. Nxe7 Qxe7 9. Nc3 Be6 {Predecessor:} 10. e3 $146 c6 11. b4 d5 12. b5 dxc4 13. bxc6 Nxc6 {0-1 (62) Williams,S (2487)-Howell,D (2348) Caleta 2005} *

[Event "Vasteras Open 2018"]
[Site "Vasteras"]
[Date "2018.09.29"]
[Round "5"]
[White "Seo, Jung Min"]
[Black "Cramling, Pia"]
[Result "*"]
[WhiteElo "2360"]
[BlackElo "2465"]
[Annotator "TA"]
[PlyCount "32"]
[EventDate "2018.09.28"]
[EventCountry "SWE"]
[SourceTitle "playchess.com"]
[Source "ChessBase"]
[SourceQuality "1"]

{[%evp 13,19,20,35,44,49,54,52,49]} 1. e4 c5 2. Nf3 d6 3. d4 cxd4 4. Nxd4 Nf6 5. Nc3 a6 6. h3 e5 7. Nde2 Be6 8. g4 {White is slightly better. B90: Sicilian Najdorf: Unusual White 6th moves, 6 Be3 Ng4 and 6 Be3 e5} Nc6 (8... Nbd7 9. Bg2 Rc8 10. Ng3 h6 11. Be3 g6 12. Qd2 Qc7 13. O-O-O Nb6 14. b3 Nc4 15. bxc4 Qxc4 {1-0 (34) Firat,B (2453)-Kovalenko,I (2642) Batumi 2018}) 9. Bg2 Rc8 10. Be3 {Predecessor:} Bc4 $146 11. b3 Bxe2 12. Nxe2 Qa5+ 13. c3 Rd8 14. O-O d5 15. b4 Qb5 16. exd5 Nxd5 {½-½ (52) Tesik,C (2258)-Ardeleanu,A (2401) Subotica 2010} *

[Event "Vasteras Open 2018"]
[Site "Vasteras"]
[Date "2018.09.29"]
[Round "5"]
[White "Seo, Jung Min"]
[Black "Cramling, Pia"]
[Result "1-0"]
[WhiteElo "2360"]
[BlackElo "2465"]
[Annotator "TA"]
[PlyCount "119"]
[EventDate "2018.09.28"]
[EventCountry "SWE"]
[SourceTitle "playchess.com"]
[Source "ChessBase"]
[SourceQuality "1"]

{[%evp 19,119,50,57,44,37,46,69,58,46,51,60,59,72,24,26,0,12,-12,-3,-6,0,0,-5,-77,-70,-128,-14,-34,0,0,0,0,0,0,0,0,14,10,14,-33,-33,-43,-44,-54,-57,-52,-54,-78,-68,-75,-66,-69,0,-66,-68,-75,-75,-75,-74,-72,-67,-75,-69,-73,8,0,0,0,0,0,3,0,5,5,13,8,52,14,14,8,15,0,15,0,20,0,20,15,16,17,16,14,135,116,236,229,211,0,320,251,755,750]} 1. e4 c5 2. Nf3 d6 3. d4 cxd4 4. Nxd4 Nf6 5. Nc3 a6 6. h3 e5 7. Nde2 Be6 8. g4 {B90: Sicilian Najdorf: Unusual White 6th moves, 6 Be3 Ng4 and 6 Be3 e5} Nc6 (8... Nbd7 9. Bg2 Rc8 10. Ng3 h6 11. Be3 g6 12. Qd2 Qc7 13. O-O-O Nb6 14. b3 Nc4 15. bxc4 Qxc4 {1-0 (34) Firat,B (2453)-Kovalenko,I (2642) Batumi 2018}) 9. Bg2 Rc8 10. Be3 Be7 {LiveBook: 3 Games} 11. Nd5 Nd7 $146 ({Predecessor:} 11... Bxd5 12. exd5 Na5 13. b3 Nd7 14. Qd2 h5 15. g5 g6 {1-0 (59) Keller,P (2285)-Wehner,J (2210) Deutschland 2016}) 12. Qd2 h6 13. Nxe7 Nxe7 14. c3 Nf6 15. f4 {[%cal Bf2f4,Bf4f5][%mdl 32]} Ng6 16. f5 Nh4 17. Ng3 (17. O-O $5 {[%cal Rf5e6]} Nxg2 18. fxe6 Nxe3 19. exf7+ Kxf7 20. Qxe3 $14) 17... Bc4 18. Kf2 Nxg2 19. Kxg2 d5 20. b3 Bb5 21. exd5 (21. Rhd1 $11 {remains equal.}) 21... Qxd5+ $17 22. Kh2 (22. Qxd5 $15 Nxd5 23. Bd2) 22... Bc6 (22... Qxd2+ $17 23. Bxd2 h5 24. gxh5 Nxh5) 23. Rhe1 $11 O-O (23... h5 $5 {[%cal Rf6g4]} 24. Qxd5 Nxd5 $11) 24. c4 Qxd2+ 25. Bxd2 Rfe8 26. Bc3 Rcd8 27. Rad1 Bf3 28. Rxd8 Rxd8 29. Rxe5 Rd3 $1 $36 {[%cal Rd3c3][%mdl 2048] White is under pressure.} 30. Be1 Bxg4 $1 31. Re7 Bf3 32. Kg1 Bc6 33. Bf2 h5 34. Re3 Rd8 35. Re1 Rd3 {[#] ...h4 is the strong threat.} 36. Re3 $1 {[%cal Re3d3]} Rd7 37. Re1 Rd2 38. Re2 Rd6 39. Re1 h4 40. Ne2 Ne4 41. Bxh4 Rh6 (41... Nd2 $17 {Strongly threatening ...Nf3+.} 42. Bg3 Nf3+ 43. Kf2 Rd3) 42. Bf2 Nxf2 43. Kxf2 Rxh3 {[%mdl 4096] Endgame KRB-KRN} 44. Nd4 Rh2+ 45. Ke3 Bd7 46. a4 f6 47. Ke4 Rf2 48. Re3 Rf1 49. Re2 Kf7 50. Re3 Kg8 51. Re2 Kf7 52. Re3 Kg8 53. a5 Kf7 54. b4 Rb1 55. Rb3 Re1+ {[#]} (55... Bc6+ $11 56. Ke3 Rh1) 56. Kd5 $1 $16 Ke7 (56... g6 $16 {was called for.}) 57. Kc5 $18 Re4 58. Rg3 $2 ({White should try} 58. Rd3 $18) 58... Kf7 $2 {[%mdl 8192]} (58... b6+ $1 $11 {and Black is okay.} 59. Kxb6 Rxd4 60. Rxg7+ Kf8 61. Rxd7 Rxd7) 59. Rd3 Ke7 $2 (59... g5 60. fxg6+ Kxg6) 60. Kb6 {Precision: White = 48%, Black = 48%.} 1-0

[Event "Vasteras Open 2018"]
[Site "Vasteras"]
[Date "2018.09.29"]
[Round "5"]
[White "Bellon Lopez, Juan Manuel"]
[Black "Sjodahl, Pontus"]
[Result "0-1"]
[WhiteElo "2342"]
[BlackElo "2405"]
[Annotator "TA"]
[PlyCount "78"]
[EventDate "2018.09.28"]
[EventCountry "SWE"]
[SourceTitle "playchess.com"]
[Source "ChessBase"]
[SourceQuality "1"]

{[%evp 20,78,-25,-28,-22,-58,-51,-115,-17,-11,-10,-12,-11,-20,-2,0,12,18,27,-20,0,-17,13,7,15,18,14,13,34,0,0,0,0,0,0,0,0,0,9,0,0,0,0,-20,76,-47,0,-28,-29,-19,-17,-151,-101,-96,-85,-102,-93,-382,-211,-617,-577]} 1. d4 Nf6 2. Bf4 d5 3. e3 c5 4. c3 Nc6 5. Nd2 e6 6. Ngf3 cxd4 7. exd4 {D02: 1 d4 d5 2 Nf3 sidelines, including 2...Nf6 3 g3 and 2...Nf6 3 Bf4} Nh5 8. Bg5 (8. Be3 Bd6 9. Bd3 Nf4 10. Bxf4 Bxf4 11. g3 Bd6 12. O-O O-O 13. Re1 Bd7 14. h4 h6 {1-0 (44) Caruana,F (2822)-Aronian,L (2767) chess.com INT 2018}) 8... f6 9. Be3 Bd6 10. Ne5 g6 11. Nd3 {LiveBook: 3 Games} Ng7 $146 ({Predecessor:} 11... O-O 12. Be2 Ng7 13. f4 Nf5 14. Bf2 Qc7 {0-1 (28) Burmakin,V (2494)-Alekseev,E (2620) St Petersburg 2018}) 12. Nf3 Qe7 13. Qd2 ({White should try} 13. a3 $15) 13... Bd7 (13... e5 $17 {aiming for ...e4.} 14. dxe5 fxe5) 14. O-O-O $11 g5 15. h4 {[%cal Rh4g5]} g4 16. Nfe1 O-O-O 17. Bf4 Nf5 18. Nc2 Kb8 19. Re1 Bc8 20. Kb1 Rhg8 21. g3 Qc7 22. Bxd6 Nxd6 23. Nf4 Ne4 24. Qe3 Ne7 25. Bd3 Nf5 26. Qe2 Nfxg3 27. fxg3 Nxg3 28. Qe3 Nxh1 29. Rxh1 g3 30. Rg1 e5 31. Nh5 g2 (31... Qd6 $11 {remains equal.}) 32. Ne1 (32. Nxf6 $16 e4 33. Nxg8 exd3 34. Ne1) 32... exd4 33. Qxd4 Rg4 34. Qf2 d4 35. Rxg2 (35. c4 $1 $11) 35... dxc3 36. Rxg4 Bxg4 $40 {[%mdl 128] Black is out for blood.} 37. Nxf6 cxb2 {( -> ...Qc1#)} 38. Qxb2 $4 {[%mdl 8192] [#]} (38. Qe3 $17 Be6 39. Bc2 Bxa2+ 40. Kxa2 Qf7+ 41. Nd5 Rxd5 42. Bb3) 38... Qg3 (38... Bf5 $142 $1 {[%mdl 512]} 39. Qb5 (39. Bxf5 Rd1+) 39... Rc8) 39. Qc3 $2 {[#]} (39. Qc1) 39... Bf5 $1 {[%mdl 512] Precision: White = 39%, Black = 40%.} 0-1

[Event "Vasteras Open 2018"]
[Site "Vasteras"]
[Date "2018.09.29"]
[Round "5"]
[White "Bellon Lopez, Juan Manuel"]
[Black "Sjodahl, Pontus"]
[Result "*"]
[WhiteElo "2342"]
[BlackElo "2405"]
[Annotator "TA"]
[PlyCount "28"]
[EventDate "2018.09.28"]
[EventCountry "SWE"]
[SourceTitle "playchess.com"]
[Source "ChessBase"]
[SourceQuality "1"]

{[%evp 17,19,0,31,-29]} 1. d4 Nf6 2. Bf4 d5 3. e3 c5 4. c3 Nc6 5. Nd2 e6 6. Ngf3 cxd4 7. exd4 {D02: 1 d4 d5 2 Nf3 sidelines, including 2...Nf6 3 g3 and 2...Nf6 3 Bf4} Nh5 8. Bg5 (8. Be3 Bd6 9. Bd3 Nf4 10. Bxf4 Bxf4 11. g3 Bd6 12. O-O O-O 13. Re1 Bd7 14. h4 h6 {1-0 (44) Caruana,F (2822)-Aronian,L (2767) chess.com INT 2018}) 8... f6 9. Be3 Bd6 {LiveBook: 40 Games} 10. Ne5 (10. g3 $14) {Predecessor:} 10... g6 $146 11. Nd3 O-O 12. Be2 Ng7 13. f4 Nf5 14. Bf2 Qc7 {0-1 (28) Burmakin,V (2494)-Alekseev,E (2620) St Petersburg 2018} *

[Event "Vasteras Open 2018"]
[Site "Vasteras"]
[Date "2018.09.29"]
[Round "5"]
[White "Ernst, Thomas"]
[Black "Tiger-Norqvist, Axel"]
[Result "0-1"]
[WhiteElo "2333"]
[BlackElo "2175"]
[Annotator "TA"]
[PlyCount "116"]
[EventDate "2018.09.28"]
[EventCountry "SWE"]
[SourceTitle "playchess.com"]
[Source "ChessBase"]
[SourceQuality "1"]

{[%evp 14,116,61,47,61,61,64,66,61,59,53,47,70,51,111,56,68,47,60,58,52,18,67,16,10,0,20,7,36,18,46,35,63,5,5,5,5,6,9,0,-8,-26,-26,-55,0,0,0,0,0,-29,-22,-22,-22,-74,-74,-166,0,-181,-110,-166,-125,-120,-101,-111,-79,-111,-110,-152,-95,-138,-89,-131,-64,-64,-47,-101,-53,-232,-149,-139,-116,-116,-113,-166,0,0,0,-29,-16,-10,39,0,0,10,0,-210,-169,-2417,-2310,-12826,-9124,-1319,-2839,-29989,-29990]} 1. e4 {[%cal Be2e4,Be4e5][%mdl 32]} Nf6 2. e5 Nd5 3. d4 d6 4. Nf3 g6 5. Bc4 Nb6 6. Bb3 Bg7 7. a4 a5 8. Qe2 d5 {B04: Alekhine's Defence: 4 Nf3} 9. O-O O-O 10. c3 (10. h3 Na6 11. Be3 c6 12. Na3 Nc7 13. Rad1 f6 14. Qd2 Be6 15. Qe2 Nd7 16. Rfe1 Bf7 17. Bf4 Ne6 18. Bh2 Qb6 19. Qd3 Qb4 20. Re2 f5 21. Rde1 Rfd8 22. Qd1 Qb6 23. c3 Rac8 {½-½ (23) Tari,A (2509)-Rozentalis,E (2549) Fagernes 2015}) 10... Na6 {White is slightly better.} 11. Be3 f6 $146 ({Predecessor:} 11... Bf5 12. Nbd2 Qe8 13. Rfe1 Bd7 14. Qd1 e6 15. Bc2 {1-0 (35) Tsvetkov,A (2052)-Tarakanov,V RCCA 2002}) 12. Nbd2 c6 $1 13. Rfe1 f5 (13... Nc7 $14) 14. Nf1 (14. g3 $16) 14... Nc7 15. Qd2 Nc4 16. Bxc4 dxc4 17. Bh6 b5 18. Bxg7 (18. h4 $14) 18... Kxg7 $11 19. Ng3 {[%cal Bf1g3,Bg3e2,Be2f4][%mdl 32]} e6 20. Ne2 Qe7 21. Nf4 Bb7 22. Qe3 Rfb8 23. h4 ({Better is} 23. Nd2 $14) 23... Nd5 24. Nxd5 cxd5 25. axb5 Bc8 26. h5 gxh5 27. Qf4 Bd7 28. Re3 h6 (28... Rxb5 $15 29. Ra2 a4) 29. Nh4 Kh7 30. Rg3 Rg8 31. b6 Rxg3 32. Qxg3 Be8 33. Qh2 (33. Nf3 $11) 33... a4 $17 34. g3 (34. Nf3 $17) 34... Rb8 $2 (34... Qb7 $19 35. f3 Qxb6) 35. f4 $2 (35. Ng2 $1 $11 {and White has nothing to worry.}) 35... Rxb6 (35... Qb7 $19 36. Qc2 Qxb6) 36. Qd2 (36. Ra2 $17 {was worth a try.}) 36... Rb3 37. Ra2 Qb7 38. Kh2 Qg7 39. Qe2 Rb8 40. Kg2 {[#]} Kg8 (40... Qb7 $142 $1 {[%cal Rb7b3]} 41. Qd1 Qg7) 41. Kf2 Kf8 42. Ng2 Ke7 ({Black should play} 42... Qb7 $17 {White must now prevent ...Qb3.} 43. Qc2 Qb6) 43. Ne3 $15 Qg6 44. Ng2 (44. Qf1 $15) 44... Kd8 45. Ra3 $2 ({White should try} 45. Ne3 $15) 45... Qg7 {And now ...Qb7 would win.} 46. Ne3 Qe7 47. Ra2 h4 48. g4 {[#]} (48. Qe1 $17) 48... fxg4 $2 (48... Qb7 $1 $19 {[%cal Rb7b3] Strongly threatening ...Qb3.} 49. Qd1 Qb3 50. Qxb3 cxb3) 49. Qxg4 $11 h5 50. Qh3 Bg6 51. f5 exf5 {[%cal Be6f5,Bf5f4][%mdl 32] next ...f4 is good for Black.} 52. Nxd5 Qg5 $36 {[%mdl 2048] Hoping for ...Bf7. Black has the initiative.} 53. Qe3 Qxe3+ 54. Nxe3 $2 (54. Kxe3 $11 h3 55. Kf3) 54... f4 $19 55. Ng2 $2 (55. Nxc4 h3 56. Kg1 (56. Rxa4 $2 Bd3 $17)) 55... Bb1 56. Rxa4 Rxb2+ 57. Kf3 h3 {[%cal Bh4h3,Bh3h2][%mdl 32]} 58. Nxf4 h2 {Precision: White = 22%, Black = 51%.} 0-1

[Event "Vasteras Open 2018"]
[Site "Vasteras"]
[Date "2018.09.29"]
[Round "5"]
[White "Pantzar, Milton"]
[Black "Lokander, Martin"]
[Result "1/2-1/2"]
[WhiteElo "2300"]
[BlackElo "2384"]
[Annotator "TA"]
[PlyCount "229"]
[EventDate "2018.09.28"]
[EventCountry "SWE"]
[SourceTitle "playchess.com"]
[Source "ChessBase"]
[SourceQuality "1"]

{[%evp 11,229,16,15,1,27,25,43,0,7,11,8,0,10,7,22,24,54,0,37,0,8,0,2,-28,-38,-56,-57,-55,-47,-72,-8,-47,-23,-28,-19,-22,-17,-30,0,0,0,-10,-10,-20,-20,-16,-6,-24,0,0,0,0,0,0,0,0,0,0,0,0,0,0,0,0,0,0,0,0,0,0,0,0,0,0,0,0,0,0,0,0,0,0,0,0,0,0,0,0,0,0,0,0,0,0,0,0,0,0,0,0,0,0,0,0,0,0,0,0,0,0,0,0,0,0,0,0,0,0,0,0,0,0,0,0,0,0,0,0,0,0,0,0,0,0,0,0,0,0,0,-25,-25,-25,-25,-25,0,0,0,0,0,0,0,0,0,0,0,0,0,0,0,0,0,0,0,0,0,0,0,0,0,0,0,0,0,0,0,0,0,0,0,0,0,0,0,0,0,0,0,0,0,0,0,0,0,0,0,0,0,0,0,0,0,0,0,0,0,0,0,0,0,0,0,0,0,0,0,0,0,0,0,0]} 1. c4 c6 2. Nf3 d5 3. e3 Nf6 4. Nc3 Nbd7 5. Qc2 e5 6. cxd5 {A11: Reti-Eröffnung} Nxd5 {LiveBook: 15 Partien} 7. Be2 Be7 8. O-O {Weiß hat minimalen Vorteil.} O-O 9. b3 $146 ({Vorgänger:} 9. d3 Re8 10. a3 a5 11. Bd2 Bf8 12. Rfd1 N7f6 {½-½ (93) Markowski,T (2629)-Wandzik,W (2092) Warsaw 2009}) 9... Nxc3 10. dxc3 (10. Qxc3 $2 e4 $17) 10... a5 11. Bb2 Qc7 12. c4 b6 13. Rad1 Rd8 14. Qf5 (14. Qe4 $14 f6 15. Nd4) 14... Bd6 (14... f6 {with more complications.} 15. Qe6+ Kf8 16. Qh3 Kg8 17. Qe6+) 15. Qh5 Nf6 16. Qh4 {Lxe5! ist eine echte Drohung.} Re8 17. Ng5 Bf5 18. Bd3 e4 $1 {[%cal Re4d3]} 19. Bb1 Be5 20. Bxe5 Rxe5 (20... Qxe5 $17 21. f3 exf3 22. Bxf5 Qxf5) 21. f4 Re7 22. Nh3 Bxh3 23. Qxh3 Rd8 24. Qf5 Red7 25. Rxd7 Qxd7 26. Bxe4 Qe8 27. Bf3 $1 Qxe3+ 28. Kh1 c5 29. Qe5 Re8 (29... Qxe5 {seems wilder.} 30. fxe5 Nd7 31. Rd1 Kf8 32. Kg1 Ke7) 30. Qxe3 Rxe3 $11 {[%mdl 4096] Endspiel KTL-KTS} 31. Rd1 Kf8 32. Kg1 Ke7 33. Kf2 Rc3 34. Re1+ Kd7 35. Re2 a4 36. Re3 Rc2+ 37. Re2 Rxe2+ 38. Kxe2 axb3 39. axb3 {KL-KS} Ne8 40. Bd5 Nd6 41. Kf3 Ke7 42. Be4 h6 43. Bd3 Ne8 44. Bc2 Nc7 45. g3 Ne6 46. Ke4 Kd6 47. Bd1 Nc7 48. Bf3 Ne6 49. Bd1 Nd8 50. Bg4 Nc6 51. Bd1 Ne7 52. Bg4 f6 53. Bd1 Kc6 54. Kd3 Nf5 55. Bg4 Nd4 56. Bd1 Kd6 57. Ke3 Nc6 58. Ke4 Nd4 59. Ke3 Nc6 60. Ke4 Ne7 61. Bg4 g6 {[#] Weiss muss nun ...f5+ beachten.} 62. Bd1 f5+ 63. Kd3 g5 64. Ke3 Ke6 65. Bf3 Ng6 66. Bh5 Ne7 67. Bf3 Kf6 68. Bd1 Nc6 69. Bf3 Nd4 70. Bd1 g4 71. Kd3 Nc6 72. Ke3 h5 {[%cal Bh6h5,Bh5h4][%mdl 32]} 73. Kf2 Nb4 74. Ke3 Kg6 75. Kd2 h4 76. Kc3 Nc6 77. Kd3 ({Falsch wäre} 77. gxh4 $2 Nd4 $19) 77... Nd4 78. b4 {Die Stellung ist ausgeglichen.} Ne6 {[#] Droht stark ...hxg3.} 79. b5 Nd4 80. Ke3 Kh6 81. Kf2 h3 82. Ke3 Kg6 83. Kf2 Kf6 84. Ke3 Ke6 85. Kf2 Ke7 86. Ke3 Kf6 87. Kf2 Ne6 88. Be2 Ng7 89. Bf1 Ne8 90. Be2 Nd6 91. Bd3 Nb7 92. Bb1 Na5 93. Ba2 Ke6 94. Ke3 Ke7 95. Kf2 Nb7 96. Bb1 Kf6 97. Ke3 Nd8 (97... Nd6 $5 98. Bd3 $8 Ke7 $11) 98. Bc2 Ne6 99. Bd1 Nd4 100. Kf2 Ke7 101. Ke3 Ne6 102. Bc2 Ng7 103. Kf2 Ke6 104. Ke3 Nh5 105. Kf2 $1 Kf6 106. Bd1 Kg6 107. Bc2 Nf6 108. Bd3 Nd7 109. Bc2 Kf6 110. Ke3 Nf8 111. Kf2 Kg6 112. Ke3 Kf6 113. Kf2 Ng6 114. Bd1 Ke6 115. Bc2 {Precision: Weiß = 82%, Schwarz = 78%.} 1/2-1/2

[Event "Vasteras Open 2018"]
[Site "Vasteras"]
[Date "2018.09.29"]
[Round "5"]
[White "Johannesson, Oliver"]
[Black "Pettersson, Tobias"]
[Result "*"]
[WhiteElo "2284"]
[BlackElo "2148"]
[Annotator "TA"]
[PlyCount "33"]
[EventDate "2018.09.28"]
[EventCountry "SWE"]
[SourceTitle "playchess.com"]
[Source "ChessBase"]
[SourceQuality "1"]

{[%evp 15,16,20,29]} 1. d4 d5 2. c4 c6 3. Nf3 Nf6 4. Nc3 dxc4 5. a4 Na6 6. e4 Bg4 7. Bxc4 Bxf3 8. gxf3 e6 {Predecessor:} 9. Be3 $146 Nb4 10. f4 Qa5 11. Rg1 g6 12. Rc1 Bh6 13. Kf1 Qc7 14. Qf3 Nh5 15. Ne2 Rd8 16. Kg2 O-O 17. Kh1 {1-0 (42) Ponomariov,R (2714)-Harikrishna,P (2727) Beijing 2014} *

[Event "Vasteras Open 2018"]
[Site "Vasteras"]
[Date "2018.09.29"]
[Round "5"]
[White "Johannesson, Oliver"]
[Black "Pettersson, Tobias"]
[Result "0-1"]
[WhiteElo "2284"]
[BlackElo "2148"]
[Annotator "TA"]
[PlyCount "84"]
[EventDate "2018.09.28"]
[EventCountry "SWE"]
[SourceTitle "playchess.com"]
[Source "ChessBase"]
[SourceQuality "1"]

{[%evp 18,84,27,22,22,2,60,61,142,63,74,54,50,51,54,58,57,0,95,89,78,82,87,75,250,70,71,49,70,54,75,33,43,0,12,0,27,-29,74,81,101,75,98,140,296,308,466,441,440,466,1344,1343,1201,777,702,541,470,-300,127,-8,-9,-291,-272,-345,265,-904,-814,-29991,-29992]} 1. d4 d5 2. c4 c6 3. Nf3 Nf6 4. Nc3 dxc4 5. a4 Na6 6. e4 Bg4 7. Bxc4 Bxf3 8. gxf3 e6 9. Rg1 {D16: Slav Defence: 5 a4: Lines with 5...Bg4 and 5...Na6} (9. Be3 Nb4 10. f4 Qa5 11. Rg1 g6 12. Rc1 Bh6 13. Kf1 Qc7 14. Qf3 Nh5 15. Ne2 Rd8 16. Kg2 O-O 17. Kh1 {1-0 (42) Ponomariov,R (2714)-Harikrishna,P (2727) Beijing 2014}) 9... Nb4 10. Be3 {LiveBook: 7 Games} Qc7 11. f4 {The position is equal.} Rd8 (11... g6 $11) 12. Qe2 $146 ({Predecessor:} 12. Qb3 a6 13. O-O-O b5 14. Be2 Qa5 15. f3 g6 16. Kb1 Nd7 {½-½ (50) Gromovs,S (2284)-Marguerettaz,D (2155) Arvier 2011}) 12... h6 {[#]} (12... Kd7 $14) 13. Kf1 (13. O-O-O $1 $16) 13... g6 14. Rd1 {Threatens to win with d5.} Be7 15. Rg2 Kf8 16. Kg1 a6 17. Kh1 ({Better is} 17. Bb3 $14) 17... b5 (17... c5 $1 $11 {keeps the balance.}) 18. axb5 axb5 19. Bb3 Qb7 20. Qf3 Na6 $2 (20... Qd7 $16) 21. f5 $2 (21. e5 $18) 21... exf5 22. exf5 g5 23. Qh3 {And now Bxg5! would win.} b4 24. Ne2 {Hoping for Bxg5!} Rh7 25. Bc4 Nc7 26. Ng3 c5 27. Ne2 (27. Nh5 $142 $1) 27... g4 (27... Nce8 $11 {remains equal.}) 28. Bxh6+ $16 Ke8 29. Qe3 g3 30. f3 {Strongly threatening Bg5.} Ncd5 $2 (30... Nfd5 $16 {is a better defense.} 31. Qc1 Qc6) 31. Qg5 $18 Rh8 (31... Nc7 {was necessary.} 32. Rxg3 Qc6) 32. Nxg3 ({Not} 32. dxc5 Ne4 $16) 32... cxd4 33. Re1 Rg8 (33... Qc6 $142 34. Bg7 Qxc4 35. Bxh8 Qa6) 34. Bxd5 Qb6 35. Rge2 {[%csl Ge1][%cal Re2e7]} Rd7 36. Qh4 Nxd5 37. Qe4 $4 {[%mdl 8192]} (37. Bg5 $18 {and life is good for White.} d3 38. Re5 (38. Rxe7+ Nxe7 39. Qh7 Rf8 $18)) 37... d3 $2 ({Black should play} 37... Qxh6 $19 38. Rc2 Rd8) 38. Qxd3 ({Only move:} 38. Be3 $1 $16 {[%cal Re3b6]} Nxe3 39. Rxe3) 38... Qxh6 $11 39. f6 $2 {[%mdl 8192]} (39. Qb5 $11 {and White stays safe.}) 39... Qxf6 $19 40. Nf5 Nf4 $4 {[%mdl 8192]} (40... Rg5 $19 {and all is fine.} 41. Re5 {[#]} Ne3 $1 {[%mdl 512]} 42. Qxe3 Rxf5) 41. Qb5 $4 {[%mdl 8192]} (41. Rxe7+ $18 Qxe7 42. Rxe7+ Rxe7 43. Qb5+ Rd7 44. Qb8+ (44. Nh6 Rg5 $11) 44... Rd8 45. Qe5+ Ne6 46. Qb5+ Rd7 47. h4) 41... Nxe2 42. Rxe2 {[#]} Qxf5 $1 {[%mdl 512] Precision: White = 33%, Black = 18%.} 0-1